00418nam a2200181Ia 4500008004000000041000800040082001700048100002200065245003600087260004600123650000700169650001000176650001400186650001100200650001100211650000700222650000700229210210b1967 xxu||||| |||| 00| 0 eng d aeng a823.914 MNAT aMNACKO (Ladislav) aTaste of power. Tr by Stevenson aNew DelhibYoung Asia Publication.,c1967 aTr aTaste aStevenson apower: apower. aof aby